[Event "Masters Tournament (MTO)"]
[Site "Biel, CH"]
[Date "2025.07.17"]
[Round "4"]
[White "Paul, Mathias"]
[Black "Arulanantham, Aneet"]
[Result "1/2-1/2"]
[Board "48"]
[WhiteFideId "24694606"]
[BlackFideId "1335189"]
[WhiteElo "2051"]
[BlackElo "1985"]
[WhiteTeam "GER"]
[BlackTeam "SUI"]
[WhiteClock "0:00:39"]
[BlackClock "0:01:46"]
[Variant "Standard"]

1. e4 {[%clk 1:40:57]}  c6 {[%clk 1:40:52]} 2. d4 {[%clk 1:41:21]}  d5 {[%clk 1:41:16]} 3. e5 {[%clk 1:41:42]}  Na6 {[%clk 1:41:12]} 4. a3 {[%clk 1:34:51]}  Bf5 {[%clk 1:38:37]} 5. Nd2 {[%clk 1:34:21]}  Nc7 {[%clk 1:36:55]} 6. Nb3 {[%clk 1:23:40]}  e6 {[%clk 1:29:28]} 7. h4 {[%clk 1:19:38]}  h5 {[%clk 1:29:04]} 8. Bg5 {[%clk 1:13:03]}  Be7 {[%clk 1:25:27]} 9. Qd2 {[%clk 1:12:17]}  b6 {[%clk 1:17:32]} 10. Nh3 {[%clk 1:05:23]}  Qd7 {[%clk 1:14:49]} 11. Be2 {[%clk 0:58:42]}  O-O-O {[%clk 1:09:55]} 12. a4 {[%clk 0:42:03]}  f6 {[%clk 1:07:40]} 13. Be3 {[%clk 0:39:42]}  fxe5 {[%clk 1:00:43]} 14. dxe5 {[%clk 0:40:00]}  c5 {[%clk 0:58:42]} 15. a5 {[%clk 0:34:50]}  d4 {[%clk 0:56:53]} 16. axb6 {[%clk 0:29:19]}  axb6 {[%clk 0:48:13]} 17. Bf4 {[%clk 0:24:34]}  d3 {[%clk 0:42:40]} 18. cxd3 {[%clk 0:22:29]}  Bxd3 {[%clk 0:42:50]} 19. Bf3 {[%clk 0:21:22]}  Qb5 {[%clk 0:42:24]} 20. Nc1 {[%clk 0:16:41]}  c4 {[%clk 0:41:16]} 21. Nxd3 {[%clk 0:13:10]}  Rxd3 {[%clk 0:40:54]} 22. Qe2 {[%clk 0:10:03]}  Bb4+ {[%clk 0:39:38]} 23. Kf1 {[%clk 0:10:29]}  Ne7 {[%clk 0:37:26]} 24. Ng5 {[%clk 0:07:37]}  Rhd8 {[%clk 0:26:09]} 25. Kg1 {[%clk 0:03:13]}  Bd2 {[%clk 0:23:35]} 26. Qe4 {[%clk 0:02:21]}  Qxb2 {[%clk 0:17:03]} 27. Ra8+ {[%clk 0:01:58]}  Kd7 {[%clk 0:16:35]} 28. Rxd8+ {[%clk 0:02:23]}  Kxd8 {[%clk 0:16:51]} 29. Nf7+ {[%clk 0:02:14]}  Kd7 {[%clk 0:14:42]} 30. Bxd2 {[%clk 0:01:40]}  Rxd2 {[%clk 0:11:34]} 31. Qxc4 {[%clk 0:01:32]}  b5 {[%clk 0:09:16]} 32. Qc5 {[%clk 0:01:11]}  b4 {[%clk 0:06:39]} 33. Kh2 {[%clk 0:01:03]}  Qd4 {[%clk 0:06:19]} 34. Qd6+ {[%clk 0:00:56]}  Ke8 {[%clk 0:05:20]} 35. Qxd4 {[%clk 0:00:52]}  Rxd4 {[%clk 0:05:48]} 36. Nd6+ {[%clk 0:00:49]}  Kd7 {[%clk 0:05:33]} 37. Kg3 {[%clk 0:00:42]}  g6 {[%clk 0:04:32]} 38. Rc1 {[%clk 0:00:50]}  Ncd5 {[%clk 0:02:18]} 39. Bxd5 {[%clk 0:00:38]}  Nxd5 {[%clk 0:01:46]} 40. f3 {[%clk 0:00:39]} 1/2-1/2

[Event "Masters Tournament (MTO)"]
[Site "Biel, CH"]
[Date "2025.07.17"]
[Round "4"]
[White "Oestmann, Lukas"]
[Black "Kumbharathi, Vedansh"]
[Result "0-1"]
[Board "49"]
[WhiteFideId "1326457"]
[BlackFideId "30998395"]
[WhiteElo "2007"]
[BlackElo "1931"]
[WhiteTeam "SUI"]
[BlackTeam "USA"]
[WhiteClock "0:25:17"]
[BlackClock "0:43:07"]
[Variant "Standard"]

1. e4 {[%clk 1:40:58]}  c5 {[%clk 1:40:42]} 2. Nf3 {[%clk 1:41:18]}  d6 {[%clk 1:41:10]} 3. d4 {[%clk 1:41:39]}  cxd4 {[%clk 1:41:19]} 4. Nxd4 {[%clk 1:42:02]}  Nf6 {[%clk 1:41:42]} 5. Nc3 {[%clk 1:42:06]}  a6 {[%clk 1:42:10]} 6. f4 {[%clk 1:42:11]}  e5 {[%clk 1:41:45]} 7. Nf3 {[%clk 1:42:38]}  Nbd7 {[%clk 1:41:38]} 8. a4 {[%clk 1:43:00]}  Be7 {[%clk 1:40:21]} 9. Bd3 {[%clk 1:42:51]}  Qc7 {[%clk 1:39:02]} 10. O-O {[%clk 1:43:11]}  O-O {[%clk 1:38:19]} 11. Kh1 {[%clk 1:43:38]}  Nc5 {[%clk 1:36:50]} 12. Qe1 {[%clk 1:43:25]}  Nxd3 {[%clk 1:35:18]} 13. cxd3 {[%clk 1:42:31]}  exf4 {[%clk 1:22:30]} 14. Bxf4 {[%clk 1:38:35]}  Bd7 {[%clk 1:18:47]} 15. Nd2 {[%clk 1:31:35]}  b5 {[%clk 1:13:14]} 16. Bg5 {[%clk 1:30:33]}  Be6 {[%clk 1:07:32]} 17. Rc1 {[%clk 1:19:54]}  Qb6 {[%clk 1:03:42]} 18. Be3 {[%clk 1:08:04]}  Qb7 {[%clk 1:02:49]} 19. axb5 {[%clk 0:55:20]}  axb5 {[%clk 1:02:44]} 20. Bg5 {[%clk 0:52:24]}  h6 {[%clk 0:58:54]} 21. Bh4 {[%clk 0:50:12]}  Rfc8 {[%clk 0:47:26]} 22. Bg3 {[%clk 0:41:40]}  b4 {[%clk 0:54:48]} 23. Ne2 {[%clk 0:37:38]}  Rxc1 {[%clk 0:51:24]} 24. Qxc1 {[%clk 0:34:59]}  Rc8 {[%clk 0:50:38]} 25. Qb1 {[%clk 0:37:35]}  Nh5 {[%clk 0:48:10]} 26. Be1 {[%clk 0:24:33]}  Qc7 {[%clk 0:42:45]} 27. d4 {[%clk 0:17:47]}  Bg4 {[%clk 0:36:11]} 28. Ng3 {[%clk 0:17:04]}  Nxg3+ {[%clk 0:34:29]} 29. Bxg3 {[%clk 0:26:18]}  Qc2 {[%clk 0:27:59]} 30. Nf3 {[%clk 0:18:56]}  b3 {[%clk 0:30:54]} 31. Qxc2 {[%clk 0:14:10]}  Rxc2 {[%clk 0:30:38]} 32. Rb1 {[%clk 0:14:17]}  Bh5 {[%clk 0:29:41]} 33. Be1 {[%clk 0:13:14]}  Bg6 {[%clk 0:26:57]} 34. Bc3 {[%clk 0:12:03]}  Bxe4 {[%clk 0:25:49]} 35. Re1 {[%clk 0:12:27]}  d5 {[%clk 0:25:23]} 36. Nd2 {[%clk 0:12:51]}  Ba3 {[%clk 0:22:11]} 37. Nxe4 {[%clk 0:06:54]}  dxe4 {[%clk 0:22:34]} 38. Rb1 {[%clk 0:07:10]}  Bd6 {[%clk 0:22:05]} 39. g3 {[%clk 0:07:01]}  f6 {[%clk 0:20:35]} 40. Re1 {[%clk 0:06:37]}  f5 {[%clk 0:20:30]} 41. Ra1 {[%clk 0:06:01]}  e3 {[%clk 0:19:13]} 42. Re1 {[%clk 0:03:50]}  f4 {[%clk 0:17:55]} 43. gxf4 {[%clk 0:27:58]}  Bxf4 {[%clk 0:16:53]} 44. h3 {[%clk 0:27:30]}  g5 {[%clk 0:47:19]} 45. Ra1 {[%clk 0:26:47]}  e2 {[%clk 0:44:14]} 46. Kg1 {[%clk 0:26:41]}  Be3+ {[%clk 0:43:55]} 47. Kh1 {[%clk 0:25:17]}  Rxc3 {[%clk 0:43:07]} 0-1

[Event "Masters Tournament (MTO)"]
[Site "Biel, CH"]
[Date "2025.07.17"]
[Round "4"]
[White "Pisan, Kai"]
[Black "Jordan, Theodor"]
[Result "0-1"]
[Board "50"]
[WhiteFideId "39904881"]
[BlackFideId "1353152"]
[WhiteElo "1995"]
[BlackElo "1934"]
[WhiteTeam "USA"]
[BlackTeam "SUI"]
[WhiteClock "0:10:41"]
[BlackClock "1:28:28"]
[Variant "Standard"]

1. b3 {[%clk 1:40:56]}  e6 {[%clk 1:40:10]} 2. Bb2 {[%clk 1:40:55]}  d5 {[%clk 1:40:28]} 3. e3 {[%clk 1:40:04]}  Nf6 {[%clk 1:40:52]} 4. Nf3 {[%clk 1:38:14]}  c5 {[%clk 1:40:10]} 5. c4 {[%clk 1:37:55]}  Nc6 {[%clk 1:38:54]} 6. cxd5 {[%clk 1:34:22]}  exd5 {[%clk 1:38:11]} 7. d4 {[%clk 1:23:50]}  cxd4 {[%clk 1:38:12]} 8. Nxd4 {[%clk 1:13:24]}  Bb4+ {[%clk 1:36:45]} 9. Bc3 {[%clk 1:12:18]}  Qa5 {[%clk 1:35:31]} 10. Bxb4 {[%clk 1:11:59]}  Qxb4+ {[%clk 1:35:29]} 11. Qd2 {[%clk 1:11:51]}  Nxd4 {[%clk 1:34:56]} 12. exd4 {[%clk 1:12:06]}  Qe7+ {[%clk 1:34:16]} 13. Qe2 {[%clk 1:02:58]}  Bd7 {[%clk 1:34:11]} 14. Nc3 {[%clk 1:00:44]}  Rc8 {[%clk 1:34:29]} 15. Qxe7+ {[%clk 0:59:00]}  Kxe7 {[%clk 1:34:57]} 16. Kd2 {[%clk 0:54:18]}  Kd6 {[%clk 1:34:22]} 17. Bd3 {[%clk 0:49:05]}  Rhe8 {[%clk 1:34:04]} 18. Rhe1 {[%clk 0:44:04]}  a6 {[%clk 1:34:08]} 19. f3 {[%clk 0:39:22]}  Nh5 {[%clk 1:33:10]} 20. g3 {[%clk 0:37:15]}  h6 {[%clk 1:30:51]} 21. b4 {[%clk 0:34:50]}  Nf6 {[%clk 1:31:50]} 22. a4 {[%clk 0:30:26]}  Rxe1 {[%clk 1:31:12]} 23. Rxe1 {[%clk 0:30:44]}  Be6 {[%clk 1:30:19]} 24. a5 {[%clk 0:29:20]}  Bd7 {[%clk 1:27:13]} 25. Rb1 {[%clk 0:25:02]}  Ra8 {[%clk 1:26:29]} 26. Re1 {[%clk 0:22:12]}  Ne8 {[%clk 1:26:05]} 27. Bc2 {[%clk 0:17:57]}  Nc7 {[%clk 1:21:20]} 28. Bb3 {[%clk 0:17:09]}  Nb5 {[%clk 1:12:10]} 29. Nxb5+ {[%clk 0:14:39]}  Bxb5 {[%clk 1:11:12]} 30. Re5 {[%clk 0:13:32]}  Bc6 {[%clk 1:11:39]} 31. h4 {[%clk 0:11:52]}  Rc8 {[%clk 1:11:16]} 32. f4 {[%clk 0:09:34]}  f6 {[%clk 1:11:28]} 33. Re3 {[%clk 0:09:49]}  Bd7 {[%clk 1:11:13]} 34. Rc3 {[%clk 0:09:41]}  Rf8 {[%clk 1:05:50]} 35. Rc5 {[%clk 0:08:16]}  Bc6 {[%clk 1:06:11]} 36. h5 {[%clk 0:06:16]}  Re8 {[%clk 1:06:11]} 37. Bc2 {[%clk 0:01:40]}  Bb5 {[%clk 1:03:17]} 38. Rc3 {[%clk 0:01:10]}  Re2+ {[%clk 1:01:41]} 39. Kc1 {[%clk 0:01:21]}  Bc4 {[%clk 1:00:59]} 40. Bf5 {[%clk 0:24:58]}  Kc6 {[%clk 1:00:12]} 41. Kd1 {[%clk 0:16:00]}  Re7 {[%clk 1:28:42]} 42. Kd2 {[%clk 0:13:58]}  Kb5 {[%clk 1:28:04]} 43. Re3 {[%clk 0:09:59]}  Rxe3 {[%clk 1:27:17]} 44. Kxe3 {[%clk 0:10:57]}  Kxb4 {[%clk 1:27:42]} 45. Bc8 {[%clk 0:10:53]}  Kxa5 {[%clk 1:28:06]} 46. Bxb7 {[%clk 0:11:15]}  Kb4 {[%clk 1:27:38]} 47. Kf3 {[%clk 0:10:26]}  a5 {[%clk 1:27:34]} 48. Bc6 {[%clk 0:10:36]}  a4 {[%clk 1:27:41]} 49. Bxa4 {[%clk 0:10:19]}  Kxa4 {[%clk 1:28:09]} 50. Kg4 {[%clk 0:10:41]}  Bd3 {[%clk 1:28:28]} 0-1

[Event "Masters Tournament (MTO)"]
[Site "Biel, CH"]
[Date "2025.07.17"]
[Round "4"]
[White "Anetov, Amirzhan"]
[Black "Hornung, Hans, Dr."]
[Result "1-0"]
[Board "51"]
[WhiteFideId "13784951"]
[BlackFideId "4615140"]
[WhiteElo "1993"]
[BlackElo "1905"]
[WhiteTeam "KAZ"]
[BlackTeam "GER"]
[WhiteClock "0:02:03"]
[BlackClock "0:00:47"]
[Variant "Standard"]

1. e4 {[%clk 1:40:56]}  e5 {[%clk 1:40:32]} 2. Nf3 {[%clk 1:41:23]}  Nc6 {[%clk 1:40:47]} 3. Bb5 {[%clk 1:41:43]}  a6 {[%clk 1:41:11]} 4. Ba4 {[%clk 1:42:09]}  Nf6 {[%clk 1:41:30]} 5. O-O {[%clk 1:42:13]}  d6 {[%clk 1:41:44]} 6. Re1 {[%clk 1:41:41]}  Bd7 {[%clk 1:41:39]} 7. c3 {[%clk 1:42:04]}  g6 {[%clk 1:41:45]} 8. d4 {[%clk 1:42:06]}  Bg7 {[%clk 1:41:56]} 9. h3 {[%clk 1:42:25]}  O-O {[%clk 1:42:02]} 10. Bc2 {[%clk 1:42:49]}  h6 {[%clk 1:37:08]} 11. Be3 {[%clk 1:43:01]}  Re8 {[%clk 1:31:05]} 12. Nbd2 {[%clk 1:42:34]}  a5 {[%clk 1:30:12]} 13. Qe2 {[%clk 1:31:58]}  Nh5 {[%clk 1:27:07]} 14. Rad1 {[%clk 1:28:00]}  Qf6 {[%clk 1:27:11]} 15. Nc4 {[%clk 1:18:12]}  Rad8 {[%clk 1:18:20]} 16. d5 {[%clk 1:04:24]}  Nb8 {[%clk 1:10:38]} 17. Nxa5 {[%clk 1:04:28]}  Bc8 {[%clk 1:09:01]} 18. Nh2 {[%clk 0:56:23]}  Nf4 {[%clk 1:07:13]} 19. Qf3 {[%clk 0:56:15]}  g5 {[%clk 1:03:54]} 20. Ba4 {[%clk 0:43:57]}  Rf8 {[%clk 1:00:22]} 21. g4 {[%clk 0:43:32]}  Qg6 {[%clk 0:58:29]} 22. Bxf4 {[%clk 0:39:49]}  exf4 {[%clk 0:57:31]} 23. Kg2 {[%clk 0:39:51]}  Be5 {[%clk 0:57:26]} 24. Nc4 {[%clk 0:30:36]}  f6 {[%clk 0:54:03]} 25. Nxe5 {[%clk 0:28:36]}  fxe5 {[%clk 0:54:20]} 26. Rh1 {[%clk 0:26:36]}  Rf7 {[%clk 0:43:13]} 27. Bc2 {[%clk 0:26:25]}  Nd7 {[%clk 0:43:08]} 28. b4 {[%clk 0:18:59]}  Qf6 {[%clk 0:39:55]} 29. c4 {[%clk 0:18:50]}  Nf8 {[%clk 0:39:09]} 30. Kf1 {[%clk 0:15:55]}  Ng6 {[%clk 0:39:17]} 31. Ke2 {[%clk 0:16:06]}  Nh4 {[%clk 0:39:24]} 32. Qd3 {[%clk 0:15:58]}  Qe7 {[%clk 0:33:17]} 33. Nf3 {[%clk 0:12:51]}  Nxf3 {[%clk 0:27:25]} 34. Qxf3 {[%clk 0:12:57]}  Rdf8 {[%clk 0:27:35]} 35. Qc3 {[%clk 0:11:30]}  b6 {[%clk 0:25:33]} 36. f3 {[%clk 0:11:27]}  Rh7 {[%clk 0:25:32]} 37. Rdg1 {[%clk 0:07:00]}  Rff7 {[%clk 0:25:26]} 38. Qe1 {[%clk 0:05:36]}  h5 {[%clk 0:24:08]} 39. gxh5 {[%clk 0:05:37]}  Rxh5 {[%clk 0:24:27]} 40. h4 {[%clk 0:06:04]}  g4 {[%clk 0:15:10]} 41. fxg4 {[%clk 0:05:00]}  f3+ {[%clk 0:10:42]} 42. Kd2 {[%clk 0:05:23]}  f2 {[%clk 0:10:38]} 43. gxh5+ {[%clk 0:05:52]}  Kh8 {[%clk 0:09:03]} 44. Qe3 {[%clk 0:05:32]}  fxg1=Q {[%clk 0:07:33]} 45. Rxg1 {[%clk 0:05:52]}  Qf6 {[%clk 0:04:57]} 46. Qg5 {[%clk 0:03:01]}  Qf2+ {[%clk 0:00:44]} 47. Kc1 {[%clk 0:01:38]}  Qf4+ {[%clk 0:00:47]} 48. Kb2 {[%clk 0:02:03]} 1-0

[Event "Masters Tournament (MTO)"]
[Site "Biel, CH"]
[Date "2025.07.17"]
[Round "4"]
[White "Jelicic, Hugo"]
[Black "Hank, Holger"]
[Result "1-0"]
[Board "52"]
[WhiteFideId "1349040"]
[BlackFideId "4648242"]
[WhiteElo "1908"]
[BlackElo "1947"]
[WhiteTeam "SUI"]
[BlackTeam "GER"]
[WhiteClock "0:01:56"]
[BlackClock "0:01:08"]
[Variant "Standard"]

1. d4 {[%clk 1:40:59]}  d6 {[%clk 1:40:16]} 2. Nf3 {[%clk 1:41:21]}  g6 {[%clk 1:40:02]} 3. Bf4 {[%clk 1:41:45]}  Bg7 {[%clk 1:40:21]} 4. h3 {[%clk 1:42:00]}  f5 {[%clk 1:40:25]} 5. e3 {[%clk 1:41:03]}  Nf6 {[%clk 1:40:46]} 6. c4 {[%clk 1:40:50]}  e6 {[%clk 1:37:49]} 7. Nc3 {[%clk 1:40:28]}  Qe7 {[%clk 1:36:05]} 8. Be2 {[%clk 1:35:58]}  O-O {[%clk 1:33:49]} 9. O-O {[%clk 1:33:12]}  Nc6 {[%clk 1:33:53]} 10. d5 {[%clk 1:23:31]}  Nd8 {[%clk 1:31:41]} 11. Rb1 {[%clk 1:21:23]}  e5 {[%clk 1:28:58]} 12. Bg5 {[%clk 1:20:18]}  Nf7 {[%clk 1:28:07]} 13. Bxf6 {[%clk 1:20:29]}  Bxf6 {[%clk 1:25:15]} 14. e4 {[%clk 1:17:38]}  Ng5 {[%clk 1:08:52]} 15. Nxg5 {[%clk 1:17:11]}  Bxg5 {[%clk 1:08:43]} 16. b4 {[%clk 1:14:05]}  a5 {[%clk 0:59:06]} 17. a3 {[%clk 1:03:02]}  Bh6 {[%clk 0:52:46]} 18. Qa4 {[%clk 0:47:59]}  Qh4 {[%clk 0:51:21]} 19. Qc2 {[%clk 0:32:39]}  axb4 {[%clk 0:40:00]} 20. axb4 {[%clk 0:28:32]}  fxe4 {[%clk 0:39:19]} 21. Nxe4 {[%clk 0:05:41]}  Bf5 {[%clk 0:38:43]} 22. Bd3 {[%clk 0:03:45]}  Ra3 {[%clk 0:37:58]} 23. Rfe1 {[%clk 0:01:46]}  Bd7 {[%clk 0:18:54]} 24. Ra1 {[%clk 0:01:07]}  Rfa8 {[%clk 0:12:07]} 25. Qb2 {[%clk 0:01:21]}  Rxa1 {[%clk 0:10:28]} 26. Rxa1 {[%clk 0:01:47]}  Rf8 {[%clk 0:10:02]} 27. Re1 {[%clk 0:01:01]}  Bf4 {[%clk 0:06:42]} 28. Bf1 {[%clk 0:01:11]}  Bh6 {[%clk 0:06:33]} 29. g3 {[%clk 0:01:10]}  Qh5 {[%clk 0:06:29]} 30. Kh2 {[%clk 0:00:47]}  Qf5 {[%clk 0:06:28]} 31. Bg2 {[%clk 0:00:57]}  Qf7 {[%clk 0:05:22]} 32. c5 {[%clk 0:00:58]}  Bf5 {[%clk 0:05:16]} 33. cxd6 {[%clk 0:00:46]}  Bxe4 {[%clk 0:05:30]} 34. Bxe4 {[%clk 0:01:10]}  cxd6 {[%clk 0:05:29]} 35. Re2 {[%clk 0:01:16]}  Bg5 {[%clk 0:05:05]} 36. b5 {[%clk 0:01:22]}  Rc8 {[%clk 0:04:08]} 37. Rc2 {[%clk 0:01:42]}  Qe8 {[%clk 0:02:13]} 38. Kg2 {[%clk 0:01:16]}  Kg7 {[%clk 0:00:34]} 39. Rc3 {[%clk 0:01:28]}  Kh6 {[%clk 0:00:50]} 40. h4 {[%clk 0:01:39]}  Be7 {[%clk 0:01:08]} 41. Qc1+ {[%clk 0:01:56]} 1-0

[Event "Masters Tournament (MTO)"]
[Site "Biel, CH"]
[Date "2025.07.17"]
[Round "4"]
[White "Trubini, Timon"]
[Black "Yu, Tianxiang Carlos"]
[Result "1/2-1/2"]
[Board "53"]
[WhiteFideId "1347799"]
[BlackFideId "39922723"]
[WhiteElo "1922"]
[BlackElo "1938"]
[WhiteTeam "SUI"]
[BlackTeam "USA"]
[WhiteClock "0:49:32"]
[BlackClock "0:12:43"]
[Variant "Standard"]

1. e4 {[%clk 1:40:47]}  c5 {[%clk 1:39:49]} 2. Nf3 {[%clk 1:41:14]}  Nc6 {[%clk 1:40:12]} 3. d4 {[%clk 1:41:40]}  cxd4 {[%clk 1:40:37]} 4. Nxd4 {[%clk 1:42:07]}  g6 {[%clk 1:40:52]} 5. c4 {[%clk 1:42:19]}  Nf6 {[%clk 1:40:52]} 6. Nc3 {[%clk 1:41:11]}  d6 {[%clk 1:39:36]} 7. Be2 {[%clk 1:40:41]}  Bg7 {[%clk 1:38:23]} 8. Be3 {[%clk 1:40:58]}  O-O {[%clk 1:38:41]} 9. O-O {[%clk 1:41:21]}  Bd7 {[%clk 1:38:42]} 10. Qd2 {[%clk 1:35:52]}  Nxd4 {[%clk 1:37:25]} 11. Bxd4 {[%clk 1:36:12]}  Bc6 {[%clk 1:37:21]} 12. f3 {[%clk 1:34:42]}  a5 {[%clk 1:37:31]} 13. b3 {[%clk 1:34:21]}  Nd7 {[%clk 1:37:44]} 14. Bxg7 {[%clk 1:33:14]}  Kxg7 {[%clk 1:38:09]} 15. h4 {[%clk 1:32:34]}  Qb6+ {[%clk 1:33:25]} 16. Kh1 {[%clk 1:32:30]}  h5 {[%clk 1:27:25]} 17. Nd5 {[%clk 1:31:14]}  Bxd5 {[%clk 1:27:36]} 18. exd5 {[%clk 1:31:10]}  Kg8 {[%clk 1:06:15]} 19. g4 {[%clk 1:25:24]}  hxg4 {[%clk 0:58:19]} 20. fxg4 {[%clk 1:24:42]}  Ne5 {[%clk 0:56:19]} 21. Rf4 {[%clk 1:15:41]}  Qb4 {[%clk 0:45:00]} 22. Qe3 {[%clk 1:07:02]}  a4 {[%clk 0:44:38]} 23. Bd1 {[%clk 1:03:55]}  axb3 {[%clk 0:43:47]} 24. Bxb3 {[%clk 1:04:10]}  b5 {[%clk 0:38:28]} 25. cxb5 {[%clk 1:01:09]}  Qxb5 {[%clk 0:38:44]} 26. Rc1 {[%clk 0:58:40]}  Qd3 {[%clk 0:33:57]} 27. Re4 {[%clk 0:57:08]}  Qxe3 {[%clk 0:28:34]} 28. Rxe3 {[%clk 0:57:26]}  Rfc8 {[%clk 0:28:38]} 29. Rxc8+ {[%clk 0:56:42]}  Rxc8 {[%clk 0:29:07]} 30. g5 {[%clk 0:56:51]}  Rc1+ {[%clk 0:27:09]} 31. Kg2 {[%clk 0:56:53]}  Kg7 {[%clk 0:27:01]} 32. Re2 {[%clk 0:53:44]}  f5 {[%clk 0:20:33]} 33. gxf6+ {[%clk 0:48:35]}  exf6 {[%clk 0:19:25]} 34. a4 {[%clk 0:46:08]}  Rc3 {[%clk 0:19:08]} 35. Rb2 {[%clk 0:44:31]}  Nd3 {[%clk 0:18:46]} 36. Rb1 {[%clk 0:44:53]}  Nc5 {[%clk 0:16:44]} 37. Bd1 {[%clk 0:41:17]}  Rd3 {[%clk 0:14:52]} 38. Ra1 {[%clk 0:39:27]}  Rxd5 {[%clk 0:11:58]} 39. a5 {[%clk 0:39:47]}  f5 {[%clk 0:08:50]} 40. Kg3 {[%clk 0:38:34]}  Rd4 {[%clk 0:01:24]} 41. Bf3 {[%clk 0:36:09]}  Ne4+ {[%clk 0:18:23]} 42. Bxe4 {[%clk 1:01:33]}  Rxe4 {[%clk 0:18:45]} 43. a6 {[%clk 1:02:00]}  Re8 {[%clk 0:19:07]} 44. a7 {[%clk 1:02:25]}  Ra8 {[%clk 0:19:34]} 45. Kf4 {[%clk 1:02:37]}  Kh6 {[%clk 0:17:45]} 46. h5 {[%clk 1:01:25]}  Kg7 {[%clk 0:14:30]} 47. hxg6 {[%clk 1:01:15]}  Kxg6 {[%clk 0:14:58]} 48. Ra6 {[%clk 1:01:28]}  Kf6 {[%clk 0:12:31]} 49. Rxd6+ {[%clk 0:54:20]}  Ke7 {[%clk 0:12:41]} 50. Rh6 {[%clk 0:52:06]}  Kd7 {[%clk 0:12:43]} 51. Ra6 {[%clk 0:49:32]} 1/2-1/2

[Event "Masters Tournament (MTO)"]
[Site "Biel, CH"]
[Date "2025.07.17"]
[Round "4"]
[White "Vincenti, Leonardo"]
[Black "Marcenaro, Alessandro"]
[Result "0-1"]
[Board "54"]
[WhiteFideId "28550820"]
[BlackFideId "28554094"]
[WhiteTitle "CM"]
[WhiteElo "2265"]
[BlackElo "2160"]
[WhiteTeam "ITA"]
[BlackTeam "ITA"]
[WhiteClock "0:01:41"]
[BlackClock "0:05:50"]
[Variant "Standard"]

1. e4 {[%clk 1:40:58]}  c6 {[%clk 1:40:44]} 2. d4 {[%clk 1:41:24]}  d5 {[%clk 1:41:04]} 3. exd5 {[%clk 1:41:35]}  cxd5 {[%clk 1:41:23]} 4. Bd3 {[%clk 1:42:01]}  Nc6 {[%clk 1:41:43]} 5. c3 {[%clk 1:42:29]}  Qc7 {[%clk 1:41:37]} 6. h3 {[%clk 1:42:32]}  e6 {[%clk 1:41:39]} 7. Nf3 {[%clk 1:42:48]}  Bd6 {[%clk 1:41:57]} 8. O-O {[%clk 1:43:01]}  Nge7 {[%clk 1:42:13]} 9. Re1 {[%clk 1:33:14]}  O-O {[%clk 1:42:04]} 10. Qe2 {[%clk 1:18:11]}  Ng6 {[%clk 1:29:05]} 11. g3 {[%clk 0:57:26]}  Re8 {[%clk 1:00:24]} 12. Bxg6 {[%clk 0:49:47]}  hxg6 {[%clk 1:00:31]} 13. Ne5 {[%clk 0:50:14]}  Kh7 {[%clk 0:51:55]} 14. Kg2 {[%clk 0:31:58]}  f6 {[%clk 0:48:34]} 15. Nxc6 {[%clk 0:32:00]}  bxc6 {[%clk 0:47:47]} 16. h4 {[%clk 0:31:01]}  Qf7 {[%clk 0:31:01]} 17. Qf3 {[%clk 0:23:29]}  e5 {[%clk 0:26:40]} 18. dxe5 {[%clk 0:22:47]}  Bf5 {[%clk 0:25:43]} 19. Kg1 {[%clk 0:16:22]}  Be4 {[%clk 0:21:48]} 20. Qd1 {[%clk 0:15:27]}  Rxe5 {[%clk 0:15:44]} 21. Be3 {[%clk 0:13:56]}  Rae8 {[%clk 0:11:14]} 22. Nd2 {[%clk 0:14:19]}  Qe6 {[%clk 0:10:24]} 23. Nf1 {[%clk 0:00:34]}  Qh3 {[%clk 0:07:42]} 24. f3 {[%clk 0:01:02]}  Rf5 {[%clk 0:07:17]} 25. Qd2 {[%clk 0:00:33]}  Rxf3 {[%clk 0:04:42]} 26. Qh2 {[%clk 0:00:58]}  Qxh2+ {[%clk 0:04:41]} 27. Kxh2 {[%clk 0:01:27]}  Bd3 {[%clk 0:04:46]} 28. Kg2 {[%clk 0:00:48]}  Rxf1 {[%clk 0:05:04]} 29. Rxf1 {[%clk 0:01:15]}  Bxf1+ {[%clk 0:05:26]} 30. Rxf1 {[%clk 0:01:41]}  Rxe3 {[%clk 0:05:50]} 0-1